El fútbol como ideología
Збережено в:
| Автор: | |
|---|---|
| Інші автори: | |
| Формат: | Книга |
| Мова: | Spanish German |
| Опубліковано: |
México:
Siglo Veintiuno,
1978.
|
| Редагування: | 2. edición |
| Предмети: | |
| Теги: |
Додати тег
Немає тегів, Будьте першим, хто поставить тег для цього запису!
|
MARC
| LEADER | 00000cam a2200000 a 4500 | ||
|---|---|---|---|
| 008 | 041206s1978 mx r 000 0 spa d | ||
| 020 | |a 9682302269 | ||
| 040 | |a CO-BoPUJ |d CRU CIICLA | ||
| 041 | 1 | |a spa |h ger | |
| 082 | 0 | 4 | |a 796.334 |2 21 |b V787f2 |
| 100 | 1 | |a Vinnai, Gerhard |d 1940- | |
| 245 | 1 | 3 | |a El fútbol como ideología |c Gerhard Vinnai ; traducción de León Mames |
| 250 | |a 2. edición | ||
| 260 | |a México: |b Siglo Veintiuno, |c 1978. | ||
| 300 | |a 152 páginas | ||
| 504 | |a Incluye referencias bibliográficas (páginas 149-152). -- Título original: Fussballsport als ideologie. | ||
| 650 | 1 | 4 | |a FUTBOL |x ASPECTOS SOCIALES |x ASPECTOS PSICOLOGICOS |
| 700 | 1 | |a Mames, León |e traductor | |
| 942 | |2 ddc |c BK | ||
| 999 | |c 4119 |d 4119 | ||



